Normal view
MARC view
- حاسبات الكترونية -حاسوب
Entry Topical Term
001 - CONTROL NUMBER
- control field: 33319
003 - CONTROL NUMBER IDENTIFIER
- control field: JO-AjAnu
005 - DATE AND TIME OF LATEST TRANSACTION
- control field: 20230606075606.0
008 - FIXED-LENGTH DATA ELEMENTS
- fixed length control field: 230606|| aca||aabn | a|a d
040 ## - CATALOGING SOURCE
- Original cataloging agency: JO-AjAnu
- Transcribing agency: JO-AjAnu
150 ## - HEADING--TOPICAL TERM
- Topical term or geographic name entry element: حاسبات الكترونية -حاسوب
670 ## - SOURCE DATA FOUND
- Source citation: Work cat.: (JO-AjAnu)17117: محمد ، بسام اسماعيل/ م مشارك محمد خالد الرجوب , author 33318, مهارات في الحاسوب : بنية الحاسوب